Forest Governance and Sustainable Resource Management: (Record no. 171214)

MARC details
000 -LEADER
fixed length control field 00651nam a22001937a 4500
005 - DATE AND TIME OF LATEST TRANSACTION
control field 20200108170753.0
010 ## - LCCN (DPL NO)
LC control number ENG-127298
020 ## - INTERNATIONAL STANDARD BOOK NUMBER
Terms of availability 895.00
International Standard Book Number 9789353281953
035 ## - SYSTEM CONTROL NUMBER
System control number EN-110830
037 ## - SOURCE OF ACQUISITION
Source of stock number/acquisition DBAD/PUB.
082 ## - DEWEY DECIMAL CLASSIFICATION NUMBER
Classification number 634.920954
100 ## - MAIN ENTRY--PERSONAL NAME
Personal name khan,Irshad A
245 ## - TITLE STATEMENT
Title Forest Governance and Sustainable Resource Management:
Statement of responsibility, etc by Irshad A khan.
Remainder of title /
260 ## - PUBLICATION, DISTRIBUTION, ETC. (IMPRINT)
Place of publication, distribution, etc New Delhi
Name of publisher, distributor, etc Sage Publications India .
Date of publication, distribution, etc 2019
270 ## - ADDRESS
Address B1/I-1, Mohan Cooperative Industrial Area Mathura Road Post Bag 7
City New Delhi
Postal code 110044
300 ## - PHYSICAL DESCRIPTION
Extent xxiv,220p.
Dimensions 22cm.(hb)
500 ## - GENERAL NOTE
General note It includes index
942 ## - ADDED ENTRY ELEMENTS (KOHA)
Source of classification or shelving scheme Dewey Decimal Classification
Item type English Books
Call number suffix KHA
Classification part 320.6072054
Holdings
Withdrawn status Lost status Not for loan Collection code Home library Current library Date acquired Source of acquisition Cost, normal purchase price Full call number Barcode Copy number Cost, replacement price Koha item type
      Non-fiction Shahdara Branch Shahdara Branch 08/01/2020 DBAD/PUB 895.00 634.920954 KHA EN-110830 1 895.00 English Books

© Delhi Public Library
Hit Counter
free hit counter